1717 1569 1048 1680 1767 1234 1012 1484 1327 1897 1590 1431 1229 1527 1462 1963 1040 1646 1429 1365 1544 1770 1330 1888 1569 1259 1265 1093 1580 1964 1637 1220 1456 1767 1191 1080 1731 1291 1104 1718 1963 1832 1667 1723 1545 1288 1611 1860 1374 1952 1758 1299 1883 1549 1769 1660 1244 1961 1416 1158 1369 1143 1956 1046 1629 1894 1030 1876 1785 1900 1693 1286 1050 1849 1930 1427 1454 1277 1573 1738 1321 1590 1826 1264 1891 1163 1723 1520 1695 1240 1375 1923 1238 1237 1523 1013 1607 1197 1068 BCNSPRNW ULIB Ver.6.0+V

เปลี่ยนเป็นภาษาไทย

Change to English
 แสดงรายละเอียดบรรณานุกรม
  กลับหน้าหลัก

Brief Record : Get Marc (ISO 2709) : E-mail record : QR code < ปิดหน้าต่าง
LEADER : 00000nam 2200000uu 4500
001    13399123219
003     ULIB
008    140715s2010||||th 000 0 eng d
020    ^a9780521613965 ^c^40.55
050  4 ^aPE1131^bR312f
100 1  ^aRedston, Chris.
245 10 ^aFace2face pre-intermediate Teacher's book / ^cChris Redston, Gillie Cunningham.
250    ^a 5th ed.
260    ^a[S.l.] : ^bCambridge University Press, ^c2010.
300    ^a224 p. ; ^c28 cm.
520    ^aThe face2face Teacher^'s Book provides valuable and comprehensive support, from teaching notes for each lesson and useful classroom techniques to over 100 pages of extra teacher^'s resources (including 35 Class Activities, Photocopiables, 12 Vocabulary Plus Worksheets and 5 Study Skills worksheets). In addition, the Teacher^'s Book explains the face2face approach and provides information on how face2face relates to the Common European Framework of Reference for Languages. The Teacher^'s Book also includes a guide to the Student^'s Book CD-Rom/Audio CD.
700 1  ^aYoung, Anna.
700 1  ^aRedston, Chris.
700 1  ^aCunningham, Gillie.
945    ^p0^l0^i034509
995    ^aKesorn
999    ^aเกษร โพธิ์สุวรรณ
รายการนี้ยังไม่มีแท็ก
คุณยังไม่ได้ล็อกอิน คุณสามารถมีกิจกรรมร่วมกับเว็บไซต์ได้ แต่ต้องล็อกอินก่อน ::
  ล็อกอิน

รายการสื่อสารสนเทศ

ลำดับที่ ประเภท เลขเรียก/บาร์โค้ด สถานที่ สถานะ
1. การศึกษาทั่วไป
หนังสือสำรอง
สถานะ=หนังสือสำรอง
PE1131 R312f ฉ.1 
  Barcode: 034509
ห้องสมุดวิทยาเขตสวรรค์ประชารักษ์
►หนังสือทั่วไป
บนชั้น

รายการใกล้เคียง
    ผู้แต่ง [Redston, Chris.]

BibComment


ยังไม่เคยถูกคอมเมนท์

คอมเมนท์ทรัพยากรรายการนี้
  คอมเมนท์: Face2face preint..


 Copyright 2026. Bcnsprnw @Library